000 00518nam a22001577a 4500
005 20251108165357.0
008 250721s1983 xx 000 0 ara d
082 1 4 _aم/016.091/عطا
100 1 _aعطا الله، محمود علي
245 1 0 _aفهرس مخطوطات مكتبة آل القمحاوي بنابلس /
264 1 _aعمان :
_bمجمع اللغة العربية الاردني،
_c1983.
300 _a94ص.
650 1 7 _aالمخطوطات العربية
942 _2ddc
_cREF
999 _c26451
_d26451